[Event "Rishon Le Ziyyon 9798"]
[Site "Rishon Le Ziyyon"]
[Date "1997.12.30"]
[Round "6"]
[White "Liss, Eran"]
[Black "Goldin, Alexander"]
[Result "0-1"]
[WhiteElo "2540"]
[BlackElo "2595"]

1.e4 c5 2.Nf3 Nc6 3.d4 cxd4 4.Nxd4 e5 5.Nb5 d6 6.c4 Be7 7.N1c3 a6 8.Na3 f5
9.exf5 Bxf5 10.Bd3 Be6 11.O-O Nf6 12.Bg5 O-O 13.Bxf6 Rxf6 14.Nc2 Qb6 15.Ne3 Rh6
16.Bf5 Bf7 17.Be4 Nd4 18.Ng4 Rh4 19.Nd5 Bxd5 20.Bxd5+ Kh8 21.b3 Rh5 22.Be4 Rg5
23.Ne3 g6 24.Nd5 Qd8 25.f4 Rh5 26.Qd3 Bf8 27.g3 Bg7 28.Rf2 Ne6 29.f5 gxf5
30.Rxf5 Rxf5 31.Bxf5 e4 32.Qd1 Bxa1 33.Qxa1+ Ng7 34.Nf4 Qe7 35.Nd5 Qf7 36.Bxe4 Re8
37.Qd4 Re5 38.Nf4 Qe7 39.Bd3 Kg8 40.Nd5 Qg5 41.Nf4 Ne6 42.Nxe6 Rxe6 43.Kg2 Qd2+
44.Kf3 Qxh2 45.Be4 Qh1+ 46.Kf4 Qf1+ 47.Kg4 Re5  0-1

[Event "ISR-chT"]
[Site "Israel"]
[Date "1997.??.??"]
[Round "1"]
[White "Goldin, Alexander"]
[Black "Tsesarsky, Ilya"]
[Result "1-0"]
[WhiteElo "2590"]
[BlackElo "2390"]

1.d4 Nf6 2.c4 e6 3.Nf3 b6 4.a3 Bb7 5.Nc3 d5 6.cxd5 exd5 7.Qa4+ c6 8.Bg5 Be7
9.e3 O-O 10.Bd3 h6 11.Bxf6 Bxf6 12.Rd1 Nd7 13.O-O Be7 14.b4 b5 15.Qb3 a5
16.e4 axb4 17.axb4 dxe4 18.Nxe4 Ra4 19.Nc5 Nxc5 20.dxc5 Qc7 21.Bc2 Raa8 22.Qd3 g6
23.Qd7 Rac8 24.Bxg6 Qxd7 25.Rxd7 fxg6 26.Rxe7 Rf7 27.Rxf7 Kxf7 28.Rd1 Re8
29.Rd7+ Re7 30.Rxe7+ Kxe7 31.Nd4 g5 32.g3 g4 33.f4 gxf3 34.Kf2 Kf6 35.Kxf3 Ke5
36.Ke3 Kd5 37.Nf5 h5 38.Nd6  1-0

[Event "ISR-chT"]
[Site "Israel"]
[Date "1997.??.??"]
[Round "2"]
[White "Shvidler, Eliahu"]
[Black "Goldin, Alexander"]
[Result "0-1"]
[WhiteElo "2465"]
[BlackElo "2590"]

1.d4 Nf6 2.Nf3 e6 3.g3 b5 4.Bg2 Bb7 5.O-O c5 6.Na3 Qb6 7.c4 b4 8.Nc2 Na6
9.b3 Be7 10.Bb2 O-O 11.Ne3 cxd4 12.Bxd4 Nc5 13.Qc2 Be4 14.Qb2 d6 15.Ne1 Bxg2
16.N3xg2 Qc6 17.Rd1 a5 18.Nd3 Ncd7 19.f3 Rfb8 20.Rb1 Bd8 21.Rfd1 Bb6 22.e4 Ne8
23.Bxb6 Rxb6 24.Ne3 Nc5 25.Qd4 Nxd3 26.Rxd3 h6 27.Kg2 Qc7 28.Rc1 Rc6 29.Ra1 Nf6
30.a3 bxa3 31.Rxa3 Rca6 32.Nd1 Nd7 33.Nc3 Nc5 34.Nb5 Qc6 35.Rd2 Rb8 36.Qc3 Nxe4
37.fxe4 Rxb5 38.Qf3 Re5 39.Re2 f5 40.b4 fxe4  0-1

[Event "ISR-chT"]
[Site "Israel"]
[Date "1997.??.??"]
[Round "5"]
[White "Goldin, Alexander"]
[Black "Zalkind, Karmi"]
[Result "1-0"]
[WhiteElo "2590"]
[BlackElo "2370"]

1.d4 Nf6 2.c4 g6 3.g3 Bg7 4.Bg2 d5 5.cxd5 Nxd5 6.Nf3 O-O 7.O-O Nc6 8.e4 Nb6
9.d5 Na5 10.Qe1 Nac4 11.Nc3 e6 12.b3 Qf6 13.bxc4 Qxc3 14.Qxc3 Bxc3 15.Rb1 Bg7
16.Bf4 c6 17.c5 Nc4 18.dxc6 bxc6 19.e5 Rd8 20.Rb4 Ba6 21.Rc1 Rab8 22.Rxb8 Rxb8
23.Bf1 Rb4 24.Nd4 Na5 25.Nc2 Bxf1 26.Nxb4 Be2 27.Rc3 a6 28.Ra3 Nb7 29.Nxa6 h6
30.h4 Kf8 31.Nb4 Nxc5 32.Nxc6 Na6 33.Nd4 Bc4 34.Ra4 Bd3 35.Nb3 g5 36.hxg5 hxg5
37.Bxg5 Bxe5 38.Nc1 Bb5 39.Ra5 Nc7 40.Bd8  1-0

[Event "JUG-chT"]
[Site "Niksic"]
[Date "1997.??.??"]
[Round "2"]
[White "Ivanovic, Bozidar"]
[Black "Goldin, Alexander"]
[Result "1/2-1/2"]
[WhiteElo "2500"]
[BlackElo "2595"]

1.e4 c5 2.Nf3 Nc6 3.d4 cxd4 4.Nxd4 e5 5.Nb5 d6 6.c4 Be7 7.N1c3 a6 8.Na3 f5
9.exf5 Bxf5 10.Bd3 Be6 11.Nc2 Nf6 12.O-O O-O 13.Ne3 Nd4 14.Bd2 Qd7 15.Ne4 b5
16.b3 Rac8 17.Rc1 Bd8 18.Nxf6+ Rxf6 19.Be4 Bb6 20.Nd5 Bxd5 21.Bxd5+ Kh8 22.Be3 b4
23.Be4 Rcf8 24.Kh1 Bc5 25.Bxd4 Bxd4 26.f3 a5 27.Qe2 Rh6 28.Rc2 Rhf6 29.g3 g5
30.Qe1 Rg8 31.Rg2  1/2-1/2

[Event "JUG-chT"]
[Site "Niksic"]
[Date "1997.??.??"]
[Round "3"]
[White "Goldin, Alexander"]
[Black "Kotronias, Vasilios"]
[Result "1-0"]
[WhiteElo "2595"]
[BlackElo "2585"]

1.d4 Nf6 2.c4 g6 3.g3 Bg7 4.Bg2 O-O 5.Nc3 d6 6.Nf3 Nbd7 7.O-O e5 8.e4 c6
9.h3 Qb6 10.c5 dxc5 11.dxe5 Ne8 12.e6 fxe6 13.Ng5 Ne5 14.f4 Nf7 15.Nxf7 Bd4+
16.Kh2 Rxf7 17.e5 Nc7 18.Ne4 Nd5 19.a4 a5 20.Ra3 Qd8 21.h4 Rg7 22.h5 b6 23.g4 Ba6
24.Rff3 g5 25.fxg5 Bxe5+ 26.Kh3 Bd4 27.Qe1 Qe7 28.Bf1 c4 29.g6 hxg6 30.Bg5 Qd7
31.h6 Rh7 32.Qc1 Qg7 33.Kg2 Qe5 34.Nf6+ Nxf6 35.Bxf6 Qe4 36.Qg5 c3 37.Bxa6 Bxf6
38.Qxf6 Qxg4+ 39.Kf2 cxb2 40.Rg3 Qf5+  1-0

[Event "JUG-chT"]
[Site "Niksic"]
[Date "1997.??.??"]
[Round "5"]
[White "Beliavsky, Alexander G"]
[Black "Goldin, Alexander"]
[Result "1/2-1/2"]
[WhiteElo "2710"]
[BlackElo "2595"]

1.Nf3 d5 2.d4 Nf6 3.c4 e6 4.g3 dxc4 5.Bg2 a6 6.O-O Nc6 7.e3 Bd7 8.Qe2 b5
9.Nc3 Be7 10.Ne5 Nxe5 11.dxe5 Nd5 12.Nxd5 exd5 13.Bxd5 c6 14.Be4 O-O 15.b3 Be6
16.Qc2 h6 17.f4 f5 18.exf6 Bxf6 19.Rb1 Rc8 20.Qe2 Qe7 21.Bc2 c5 22.Qf3 cxb3
23.axb3 Bd7 24.Qd5+ Qe6 25.Qd3 Rfd8 26.Bb2  1/2-1/2

[Event "JUG-chT"]
[Site "Niksic"]
[Date "1997.??.??"]
[Round "9"]
[White "Dimitrov, Vladimir"]
[Black "Goldin, Alexander"]
[Result "1/2-1/2"]
[WhiteElo "2470"]
[BlackElo "2595"]

1.e4 c5 2.Nf3 Nc6 3.d4 cxd4 4.Nxd4 e5 5.Nb5 d6 6.Bc4 Be7 7.b3 a6 8.N5c3 f5
9.Bd3 Nf6 10.exf5 O-O 11.O-O Nd4 12.Nd2 Nxf5 13.Nde4  1/2-1/2

[Event "JUG-chT"]
[Site "Niksic"]
[Date "1997.??.??"]
[Round "11"]
[White "Komarov, Dimitri"]
[Black "Goldin, Alexander"]
[Result "1/2-1/2"]
[WhiteElo "2600"]
[BlackElo "2595"]

1.d4 d5 2.c4 e6 3.Nc3 Be7 4.Nf3 Nf6 5.Bg5 h6 6.Bh4 O-O 7.Rc1 dxc4 8.e3 c5
9.Bxc4 cxd4 10.Nxd4 Bd7 11.Bg3 Nc6 12.Ndb5 a6 13.Nd6 Qb6 14.Be2 Bxd6 15.Bxd6 Rfd8
16.Bg3 Be8 17.Qc2 Nb4 18.Qb1 a5 19.O-O Bc6 20.Rfd1 Nbd5 21.Be5 Nxc3  1/2-1/2

[Event "RUS-Cup9"]
[Site "Novgorod"]
[Date "1997.??.??"]
[Round "6"]
[White "Batsanin, Dmitry"]
[Black "Goldin, Alexander"]
[Result "1-0"]
[WhiteElo "2300"]
[BlackElo "2590"]

1.e4 e5 2.Nf3 Nc6 3.d4 exd4 4.Nxd4 Bc5 5.Nxc6 Qf6 6.Qd2 dxc6 7.Nc3 Ne7 8.Qf4 Qe6
9.Qg5 Bd4 10.Be3 Bf6 11.Qg3 Ng6 12.Bd3 Qe7 13.h3 h5 14.O-O h4 15.Qh2 O-O
16.Bd2 Bd4 17.Kh1 Ne5 18.Be2 Be6 19.Rad1 Rad8 20.Bf4 Nc4 21.Na4 b5 22.b3 Na3
23.c3 Bxf2 24.Rxd8 Rxd8 25.Rxf2 bxa4 26.Bxc7 Rd2 27.Qf4 Rxa2 28.Bd6 Qd8 29.bxa4 Nb1
30.Be5 Rxe2 31.Rxe2 Qd1+ 32.Kh2 Qxe2 33.Qg5 f6 34.Bxf6  1-0

[Event "RUS-Cup9"]
[Site "Novgorod"]
[Date "1997.??.??"]
[Round "8"]
[White "Marusenko, Petr"]
[Black "Goldin, Alexander"]
[Result "1/2-1/2"]
[WhiteElo "2285"]
[BlackElo "2590"]

1.e4 c5 2.Nf3 Nc6 3.d4 cxd4 4.Nxd4 Nf6 5.Nc3 d6 6.Bg5 e6 7.Bb5 Bd7 8.Bxc6 bxc6
9.Qf3 h6 10.Bh4 e5 11.Nf5 Bxf5 12.Qxf5 Qd7 13.Qf3 Be7 14.O-O-O O-O 15.Bxf6 Bxf6
16.h4 Qe7 17.g3 Rab8 18.Rd3 Rfd8 19.Re1 d5 20.exd5 Qb4 21.Re4 Qxb2+ 22.Kd2 Qb6
23.Ke2 Rd6 24.dxc6 Rxc6 25.Kf1 Rbc8 26.Re2 Qb2 27.Nd5 Qxa2 28.Rxe5 Bxe5 29.Ne7+ Kh8
30.Nxc6 Bf6 31.Rd6 Re8 32.Kg2 Qxc2 33.Rd7 Kg8 34.Rxa7 Qe4 35.Rd7 h5 36.Qxe4 Rxe4
37.Nd8 Be7 38.Kf3 f5 39.Nc6 Bf6 40.Rd5 Rc4 41.Nd8 Re4 42.Nc6 g6 43.Rd7 Kf8
44.Rb7 Rc4 45.Nb4 Rc3+ 46.Kg2 Rb3 47.Rb6 Bd4 48.Rb8+ Kf7 49.Nc6 Rxb8 50.Nxb8 Ke6
51.Nc6 Bc3 52.Kf3 Kd6 53.Nd8 Bf6 54.Nb7+  1/2-1/2

[Event "Paris op"]
[Site "Paris"]
[Date "1997.??.??"]
[Round "?"]
[White "Goldin, Alexander"]
[Black "Pelle, Guillaume"]
[Result "1-0"]
[WhiteElo "2590"]
[BlackElo "2170"]

1.d4 Nf6 2.Nf3 g6 3.c4 Bg7 4.g3 O-O 5.Bg2 d6 6.O-O Nbd7 7.Nc3 e5 8.e4 c6
9.h3 a6 10.Be3 b5 11.c5 dxc5 12.dxc5 Re8 13.Qc2 Bf8 14.b4 a5 15.a3 Be7 16.Rfd1 Qc7
17.Rac1 axb4 18.axb4 Nf8 19.Qb2 Be6 20.Ra1 Rxa1 21.Rxa1 N6d7 22.Nd2 f6 23.Ra6 Bf7
24.Qa3 Rb8 25.Nd5 cxd5 26.exd5 Bd8 27.d6 Qc8 28.Rc6 Qb7 29.Rc7 Qxc7 30.dxc7 Bxc7
31.c6 Nb6 32.Qa7 Ne6 33.Bxb6 Rxb6 34.Bd5 Bd8 35.Qd7  1-0

[Event "Paris op"]
[Site "Paris"]
[Date "1997.??.??"]
[Round "?"]
[White "Goldin, Alexander"]
[Black "Sellos, Didier"]
[Result "1-0"]
[WhiteElo "2590"]
[BlackElo "2455"]

1.d4 Nf6 2.c4 e6 3.Nf3 b6 4.g3 Ba6 5.Qb3 Be7 6.Bg2 O-O 7.Nc3 Bb7 8.O-O h6
9.d5 c5 10.e4 exd5 11.cxd5 d6 12.e5 dxe5 13.Nxe5 Bd6 14.Nc4 Na6 15.Nb5 Bb8
16.d6 Bxg2 17.Kxg2 Nb4 18.Qf3 a6 19.Qxa8 axb5 20.Na3 Qd7 21.Qf3 Nbd5 22.Rd1 Qc6
23.b3 c4 24.bxc4 bxc4 25.Bb2 c3 26.Rac1 Ne4 27.d7 f5 28.Bxc3 Qxd7 29.Bb2 Kh7
30.Nc4 Qb7 31.Be5 g5 32.h3 b5 33.Bxb8 bxc4 34.Rxc4 g4 35.hxg4 Nxf2 36.Qxd5 Qxb8
37.Kxf2 fxg4+ 38.Kg2  1-0

[Event "Paris op"]
[Site "Paris"]
[Date "1997.??.??"]
[Round "?"]
[White "Goldin, Alexander"]
[Black "Lucas, Flavien"]
[Result "1-0"]
[WhiteElo "2590"]
[BlackElo "2210"]

1.d4 d5 2.c4 c6 3.Nf3 Nf6 4.Nc3 e6 5.e3 Nbd7 6.Qc2 Bd6 7.Bd2 O-O 8.Bd3 Qe7
9.O-O dxc4 10.Bxc4 e5 11.Bb3 h6 12.Nh4 exd4 13.Nf5 Qd8 14.Nxd6 dxc3 15.Bxc3 Nd5
16.Bxd5 cxd5 17.Qa4 Nb6 18.Qd4 f6 19.Bb4 Qd7 20.Rfc1 Qe6 21.Nb5  1-0

[Event "World op"]
[Site "Philadelphia"]
[Date "1997.??.??"]
[Round "1"]
[White "Shibut, Macon"]
[Black "Goldin, Alexander"]
[Result "0-1"]
[WhiteElo "2240"]
[BlackElo "2595"]

1.e4 c5 2.c3 d5 3.exd5 Qxd5 4.d4 Nf6 5.Nf3 Bg4 6.Be2 e6 7.Na3 a6 8.Nc2 cxd4
9.Qxd4 Qxd4 10.Ncxd4 Nbd7 11.h3 Bh5 12.O-O Bc5 13.Re1 O-O 14.Bg5 Nd5 15.Rad1 h6
16.Bh4 Rfe8 17.Bg3 N7f6 18.Nb3 Bf8 19.Nfd4 Bxe2 20.Rxe2 Rac8 21.Na5 b6 22.Nac6 Bc5
23.Ne5 b5 24.Nc2 Red8 25.Ra1 Nh5 26.Bh2 Ndf4 27.Bxf4 Nxf4 28.Re4 g5 29.Nb4 Rd2
30.Nxa6 Bxf2+ 31.Kf1 Nh5  0-1

[Event "World op"]
[Site "Philadelphia"]
[Date "1997.??.??"]
[Round "3"]
[White "Ashley, Maurice"]
[Black "Goldin, Alexander"]
[Result "1-0"]
[WhiteElo "2445"]
[BlackElo "2595"]

1.e4 e5 2.Nf3 Nc6 3.d4 exd4 4.Nxd4 Bc5 5.Nxc6 Qf6 6.Qd2 dxc6 7.Nc3 Ne7 8.Qf4 Qe6
9.Be3 Bd6 10.Qg5 h6 11.Qh5 O-O 12.Bd3 f5 13.exf5 Nxf5 14.O-O Nxe3 15.fxe3 Bd7
16.Ne4 Rae8 17.b3 Qe5 18.Rxf8+ Bxf8 19.Qxe5 Rxe5 20.Rf1 Be6 21.Rf4 b5 22.Kf2 Be7
23.Ng3 Rd5 24.Ne2 Bf6 25.Nd4 Bd7 26.Nf3 Bc3 27.Ke2 Rd6 28.g4 c5 29.Bf5 Bc6
30.h4 Bf6 31.h5 Be8 32.Re4 Bf7 33.a4 a6 34.axb5 axb5 35.Rf4 Ra6 36.e4 c4
37.e5 Be7 38.bxc4 bxc4 39.Bh7+ Kxh7 40.Rxf7 Re6 41.Rf4 Rc6 42.c3 Kg8 43.Ke3 Rc5
44.Ke4 Ra5 45.Nd4 Bh4 46.Ne6 Ra8 47.Nxc7 Rc8 48.Nd5 Rc6 49.Rf1 g6 50.Rb1 gxh5
51.gxh5 Ra6 52.Rb8+ Kg7 53.Rb7+ Kg8 54.Rc7 Ra1 55.Rxc4 Rf1 56.Rc8+ Kf7 57.Rc7+ Kf8
58.e6 Bg5 59.e7+ Kf7 60.Rc8 Bxe7  1-0

[Event "World op"]
[Site "Philadelphia"]
[Date "1997.??.??"]
[Round "6"]
[White "Goldin, Alexander"]
[Black "Shliperman, Igor"]
[Result "1-0"]
[WhiteElo "2595"]
[BlackElo "2410"]

1.Nf3 Nf6 2.c4 e6 3.Nc3 Bb4 4.Qc2 O-O 5.a3 Bxc3 6.Qxc3 c5 7.b4 b6 8.Bb2 d6
9.e3 Nbd7 10.Be2 Bb7 11.O-O Rc8 12.d3 Re8 13.Rfd1 e5 14.b5 Nf8 15.a4 Ng6
16.a5 d5 17.cxd5 Nxd5 18.Qc4 Rc7 19.h4 Nf6 20.g3 Bd5 21.Qc3 Nd7 22.e4 Bb7
23.Nd2 Ngf8 24.Nc4 Ne6 25.Qb3 Nd4 26.Bxd4 cxd4 27.Qb4 Qb8 28.Rf1 Nc5 29.axb6 axb6
30.f4 exf4 31.Rxf4 Ne6 32.Rf3 Rd8 33.Raf1 Rc5 34.Kh2 Rf8 35.Bd1 Qc7 36.Bb3 Bc8
37.Nd2 Rh5 38.Kg1 g5 39.Bxe6 Bxe6 40.Qxd4 gxh4 41.gxh4 Rxh4 42.Kf2 Rg4 43.Rh1 Rd8
44.Qe3 Qe5 45.Qxb6 Rb8 46.Rh5 Rxb6 47.Rxe5 Bd7 48.Nc4 Rxb5 49.Rxb5 Bxb5 50.Nd6 Bc6
51.Nxf7 Rh4 52.Ke3 h5 53.Ne5 Be8 54.d4 Rh1 55.d5 Rd1 56.Kf4 Kf8 57.Nd3 Bd7
58.Ke5+ Ke7 59.d6+ Ke8 60.Nc5 Bg4 61.Rf4 Bh3 62.Rf6 Bg4 63.Rh6 Rd2 64.Rh7 Rd1
65.Ne6 Rd2 66.Re7+  1-0

[Event "Rishon Le Ziyyon 9798"]
[Site "Rishon Le Ziyyon"]
[Date "1998.01.02"]
[Round "9"]
[White "Goldin, Alexander"]
[Black "Gofshtein, Leonid D"]
[Result "1-0"]
[WhiteElo "2595"]
[BlackElo "2545"]

1.d4 e6 2.c4 b6 3.e4 Bb7 4.Bd3 f5 5.exf5 Bb4+ 6.Kf1 Nf6 7.Nf3 O-O 8.a3 Bd6
9.Nc3 Nc6 10.Bg5 Ne7 11.fxe6 dxe6 12.Qe2 Qd7 13.Re1 h6 14.Bxf6 Rxf6 15.Ne4 Rf4
16.c5 bxc5 17.dxc5 Rxf3 18.cxd6 Rxd3 19.Qxd3 Qc6 20.Kg1 Nd5 21.h3 cxd6 22.Kh2 Rf8
23.f3 a5 24.Rd1 Rd8 25.Rhe1 Qe8 26.Qd2 a4 27.Nc3 Nf6 28.Qd4 e5 29.Qxa4 Bc6
30.Qh4 Kh8 31.Ne4 Bxe4 32.fxe4 Nh5 33.Rd2 Nf6 34.Red1 Qc6 35.b4 Rd7 36.b5 Qc3
37.a4 Qb4 38.Qf2 d5 39.exd5 Ne4 40.Qh4 Qc4 41.Rd3  1-0

[Event "ISR-chT"]
[Site "Israel"]
[Date "1998.02.19"]
[Round "?"]
[White "Tsesarsky, Ilya"]
[Black "Goldin, Alexander"]
[Result "1-0"]
[WhiteElo "2425"]
[BlackElo "2590"]

1.Nf3 Nf6 2.c4 e6 3.Nc3 Bb4 4.g3 b6 5.Bg2 Bb7 6.O-O O-O 7.Qc2 d5 8.cxd5 exd5
9.d4 Nbd7 10.Bf4 c6 11.a3 Bxc3 12.bxc3 Re8 13.Rfe1 c5 14.Ne5 Nxe5 15.dxe5 Nd7
16.c4 Nxe5 17.cxd5 Qd6 18.e4 Rac8 19.Bxe5 Qxe5 20.f4 Qd4+ 21.Qf2 Qxf2+ 22.Kxf2 Rcd8
23.Rad1 f6 24.a4 Kf8 25.Re3 g6 26.Bf3 Re7 27.e5 Ree8 28.g4 Kg7 29.g5 fxg5
30.fxg5 c4 31.e6 Rd6 32.Kg3 Rf8 33.Rd4 Ba6 34.Rf4 b5 35.axb5 Bxb5 36.Rxf8 Kxf8
37.Kf4 Ke7 38.Ke5 Ba6 39.Be4  1-0

[Event "New York op"]
[Site "New York"]
[Date "1998.03.16"]
[Round "2"]
[White "Goldin, Alexander"]
[Black "Kaufman, Larry C"]
[Result "1-0"]
[WhiteElo "2590"]
[BlackElo "2410"]

1.d4 Nf6 2.c4 g6 3.g3 Bg7 4.Bg2 O-O 5.Nc3 d6 6.Nf3 c6 7.O-O Qa5 8.e4 e5 9.h3 Nbd7
10.Re1 exd4 11.Nxd4 Ne5 12.Bf1 Re8 13.Rb1 c5 14.Nb3 Qb4 15.Bg5 Be6 16.Nd2 h6
17.Be3 Rad8 18.a3 Qa5 19.b4 Qc7 20.bxc5 dxc5 21.Nd5 Nxd5 22.cxd5 Bc8 23.f4 Nd7
24.Bg2 Nf6 25.Qc2 b6 26.a4 h5 27.Nc4 Bxh3 28.Bxh3 Nxe4 29.Bf2 Nxf2 30.Rxe8+ Rxe8
31.Kxf2 h4 32.d6 Bd4+ 33.Kf1 Qd8 34.d7 Rf8 35.Qe4 hxg3 36.Kg2 Kg7 37.f5 Qf6
38.Rf1 g5 39.Ne3 Qd8 40.f6+ Bxf6 41.Nd5 Bd4 42.Ne7 Qc7 43.Rf5 Kh6 44.Rxf7  1-0

[Event "New York op"]
[Site "New York"]
[Date "1998.03.17"]
[Round "4"]
[White "Goldin, Alexander"]
[Black "Gershon, Alik"]
[Result "1-0"]
[WhiteElo "2590"]
[BlackElo "2425"]

1.d4 Nf6 2.c4 c5 3.d5 b5 4.Nd2 bxc4 5.e4 d6 6.Bxc4 g6 7.b3 Bg7 8.Bb2 O-O
9.Ngf3 Nbd7 10.O-O Nb6 11.Qc2 Bb7 12.Rad1 Qc7 13.Rfe1 Rad8 14.Bc3 Ne8 15.Ba5 Qc8
16.Nf1 e6 17.Ne3 Nc7 18.h4 e5 19.h5 f5 20.hxg6 hxg6 21.Nh4 f4 22.Nxg6 Rf7
23.Nf5 Bf6 24.Nh6+ Kg7 25.Nxf7 Kxf7 26.Nxf4 Nxc4 27.bxc4 exf4 28.e5 Bg7 29.e6+ Kg8
30.Qg6 Rf8 31.e7  1-0

[Event "New York op"]
[Site "New York"]
[Date "1998.03.18"]
[Round "5"]
[White "Campora, Daniel H"]
[Black "Goldin, Alexander"]
[Result "1/2-1/2"]
[WhiteElo "2520"]
[BlackElo "2590"]

1.e4 e5 2.Nf3 Nc6 3.Nc3 Nf6 4.Bb5 Bb4 5.O-O O-O 6.d3 d6 7.Ne2 Ne7 8.c3 Ba5
9.Ng3 Ng6 10.d4 c6 11.Bd3 Re8 12.Bc2 h6 13.h3 Be6 14.Be3 Qc7 15.Re1 Rad8
16.Qc1 b5 17.b4 Bb6 18.a4 bxa4 19.Rxa4 Rc8 20.Ra3 Nh7 21.Bb1 Qe7 22.c4 exd4
23.Nxd4 Bxd4 24.Bxd4 c5 25.bxc5 dxc5 26.Be3 Ne5 27.f4 Nc6 28.e5 Nd4 29.Ne4 Qc7
30.Nd6 Re7 31.Bxd4 cxd4 32.c5 Nf8 33.Rg3 Kh8 34.f5  1/2-1/2

[Event "New York op"]
[Site "New York"]
[Date "1998.03.19"]
[Round "6"]
[White "Goldin, Alexander"]
[Black "Mahdi, Khaled"]
[Result "1/2-1/2"]
[WhiteElo "2590"]
[BlackElo "2405"]

1.d4 Nf6 2.c4 c5 3.d5 g6 4.g3 Bg7 5.Bg2 d6 6.Nc3 O-O 7.Nf3 Na6 8.O-O Nc7
9.a4 e6 10.e4 Re8 11.e5 dxe5 12.d6 Na6 13.Nxe5 Nd7 14.Nxd7 Qxd7 15.Bg5 f6
16.Be3 Rb8 17.a5 b6 18.Nb5 Rd8 19.axb6 axb6 20.Ra3 Nb4 21.Ra7 Bb7 22.Qg4 Nc6
23.Ra3 Ne5 24.Qe2 Bxg2 25.Kxg2 Qc6+ 26.f3 Nf7 27.Ra7 Nxd6 28.Bh6 Nf5 29.Bxg7 Nxg7
30.Rc7 Qe8 31.Ra1 Rd7 32.Rxd7 Qxd7 33.Ra7 Rb7 34.Ra8+ Kf7 35.Rh8 Qe7 36.Qe4 Rd7
37.Rxh7 Rd2+ 38.Kh3 Qd7 39.g4 f5 40.Qe5 Kg8 41.Rh6 fxg4+ 42.Kxg4 Qf7 43.Qb8+ Ne8
44.Kg3 Rd3 45.Qa8 Kg7 46.Rh4 e5 47.Qe4 Qf5 48.Qb7+ Rd7 49.Qc8 Rd3 50.Qb7+ Rd7  1/2-1/2

[Event "World op"]
[Site "Philadelphia"]
[Date "1998.06.27"]
[Round "1"]
[White "Siegel, Noah J"]
[Black "Goldin, Alexander"]
[Result "0-1"]
[WhiteElo "2240"]
[BlackElo "2590"]

1.d4 Nf6 2.c4 e6 3.Nf3 b6 4.e3 Bb7 5.Bd3 Be7 6.O-O O-O 7.Nc3 d5 8.b3 Nbd7
9.Qe2 c5 10.Bb2 cxd4 11.exd4 Rc8 12.Rfe1 Re8 13.Ne5 Nf8 14.Rac1 Ng6 15.g3 Bb4
16.a3 Bxc3 17.Bxc3 Rc7 18.c5 Ne4 19.Nxg6 hxg6 20.b4 e5 21.dxe5 bxc5 22.bxc5 Rxc5
23.Bd4 Rxc1 24.Rxc1 Qa5 25.Qb2 Ba6 26.Bxa6 Qxa6 27.Rc7 Ng5 28.Qb3 Ne6 29.Rxa7 Nxd4  0-1

[Event "World op"]
[Site "Philadelphia"]
[Date "1998.06.28"]
[Round "2"]
[White "Goldin, Alexander"]
[Black "Cunningham, Robin"]
[Result "1-0"]
[WhiteElo "2590"]
[BlackElo "2295"]

1.d4 d5 2.c4 e6 3.Nf3 c5 4.cxd5 exd5 5.g3 Nf6 6.Bg2 Be7 7.O-O O-O 8.Nc3 Nc6
9.Be3 c4 10.Ne5 h6 11.Qc2 Qa5 12.h3 Rd8 13.f4 Nxe5 14.fxe5 Ne8 15.Bxh6 Be6
16.Bd2 Qb6 17.e3 Qc6 18.a4 a6 19.a5 b5 20.axb6 Qxb6 21.Ne2 a5 22.Nf4 Nc7
23.Rf2 Bb4 24.Raf1 Rf8 25.Nxe6 fxe6 26.Bf3 Bxd2 27.Qxd2 Qb4 28.Qe2 a4 29.Bh5 Qe7
30.Bg6 Rxf2 31.Qxf2 c3 32.bxc3 a3 33.Qf3 Rf8 34.Qxf8+ Qxf8 35.Bh7+ Kxh7 36.Rxf8 a2
37.Rf1 Nb5 38.Ra1 Nxc3 39.e4 dxe4 40.Kf2  1-0

[Event "World op"]
[Site "Philadelphia"]
[Date "1998.06.30"]
[Round "4"]
[White "Goldin, Alexander"]
[Black "Blocker, Calvin"]
[Result "1-0"]
[WhiteElo "2590"]
[BlackElo "2380"]

1.d4 Nf6 2.c4 e6 3.Nf3 b6 4.a3 Ba6 5.Qc2 Bb7 6.Nc3 c5 7.e4 cxd4 8.Nxd4 Nc6
9.Nxc6 Bxc6 10.Be2 Qb8 11.f4 h5 12.b4 a5 13.Rb1 axb4 14.axb4 g5 15.O-O d6
16.Nd5 Nd7 17.Bb2 Ba4 18.Qd3 Rg8 19.Bxh5 exd5 20.Qxd5 Rg6 21.fxg5  1-0

[Event "World op"]
[Site "Philadelphia"]
[Date "1998.07.01"]
[Round "5"]
[White "Burnett, Ronald"]
[Black "Goldin, Alexander"]
[Result "0-1"]
[WhiteElo "2400"]
[BlackElo "2590"]

1.e4 c5 2.Nf3 e6 3.c4 Nc6 4.Nc3 Nd4 5.Nxd4 cxd4 6.Nb5 e5 7.c5 Bxc5 8.Qc2 d6
9.b4 Bb6 10.Qa4 Kf8 11.Bc4 a6 12.Na3 Qg5 13.Kf1 Qe7 14.d3 h6 15.b5 a5 16.Bd5 Nf6
17.Nc4 Nxd5 18.exd5 Bc5 19.Ba3 Bf5 20.Rd1 Rc8 21.Qxa5 Kg8 22.Bxc5 Rxc5 23.Qa7 Kh7
24.h3 Rxd5 25.a4 Rc5 26.g4 Be6 27.Nb6 Qh4 28.Kg2 Bxg4  0-1

[Event "World op"]
[Site "Philadelphia"]
[Date "1998.07.02"]
[Round "6"]
[White "Smirin, Ilia"]
[Black "Goldin, Alexander"]
[Result "1/2-1/2"]
[WhiteElo "2590"]
[BlackElo "2590"]

1.e4 c5 2.Nf3 e6 3.d4 cxd4 4.Nxd4 a6 5.Bd3 Nf6 6.O-O Qc7 7.c4 Nc6 8.Nxc6 dxc6
9.f4 e5 10.f5 Bc5+ 11.Kh1 h5 12.Nd2 Ng4 13.Qe2 Qd8 14.Nf3 f6 15.Bc2 Qb6 16.Nh4 Nf2+
17.Rxf2 Bxf2 18.Ng6 Rh7 19.c5 Qxc5 20.Bb3 Bd7 21.Bg8 Rh6 22.Bxh6  1/2-1/2

[Event "RUS-ch51"]
[Site "St Petersburg"]
[Date "1998.07.28"]
[Round "1"]
[White "Evseev, Denis"]
[Black "Goldin, Alexander"]
[Result "1/2-1/2"]
[WhiteElo "2470"]
[BlackElo "2570"]

1.d4 Nf6 2.c4 e6 3.g3 d5 4.Bg2 dxc4 5.Nf3 Nc6 6.O-O Rb8 7.Nc3 b5 8.e4 b4
9.Ne2 Rb6 10.d5 exd5 11.exd5 Qxd5 12.Nfd4 Qd7 13.Nxc6 Rxc6 14.Qxd7+ Kxd7
15.Bxc6+ Kxc6 16.Be3 Bc5 17.b3 Nd5 18.Bxc5 Kxc5 19.bxc4 Nc3 20.Nxc3 bxc3
21.Rac1 Kxc4 22.Rfe1 Rd8 23.Re7 Rd7 24.Re8 Bb7 25.Re3 Rd3 26.Re7 Bd5 27.Rxc7+ Kd4
28.a4 a5 29.Kf1 Bb3 30.Rd7+ Kc4 31.Rc7+ Kd4 32.Rd7+ Kc4 33.Rc7+  1/2-1/2

[Event "RUS-ch51"]
[Site "St Petersburg"]
[Date "1998.07.29"]
[Round "2"]
[White "Goldin, Alexander"]
[Black "Iskusnyh, Sergei"]
[Result "0-1"]
[WhiteElo "2570"]
[BlackElo "2455"]

1.Nf3 Nf6 2.c4 c5 3.g3 Nc6 4.Bg2 d6 5.Nc3 g6 6.d4 cxd4 7.Nxd4 Bd7 8.O-O Bg7
9.e3 O-O 10.b3 a6 11.Bb2 Rb8 12.a4 Qb6 13.h3 Rfd8 14.Ba3 Be8 15.Nde2 Nb4
16.Qd2 a5 17.e4 e6 18.Rfd1 Bc6 19.Rac1 Rbc8 20.Nd4 Rd7 21.Qe3 Rcd8 22.Ncb5 Qc5
23.Qe2 h5 24.Nc2 h4 25.g4 Bh6 26.Rb1 d5 27.exd5 exd5 28.Nxb4 axb4 29.Bb2 Bg7
30.Bd4 Qf8 31.c5 Ne4 32.Bxg7 Qxg7 33.Bxe4 dxe4 34.Nd6 Qc3 35.Qc4 b6 36.Qxc3 bxc3
37.Rdc1 bxc5 38.Nc4 Rd3 39.Ne5 R3d6 40.Rxc3 Bb7 41.Kf1 Rd5 42.Nc4 Ba6 43.Ke1 f5
44.gxf5 gxf5 45.f3 Rd3 46.Rbc1 exf3 47.Kf2 Bb7 48.a5 Rxc3 49.Rxc3 Kg7 50.Rc2 Rd3
51.Ra2 Rxb3 52.a6 Ba8 53.a7 Kf6 54.Nd2 Rc3 55.Nb1 Rd3 56.Rd2 Rb3 57.Rd8 Rb2+
58.Nd2 Bb7 59.Rd7 Be4 60.Ke3 Ra2 61.Rd6+ Ke7 62.Nxe4 fxe4 63.Rh6 Ra3+ 64.Kf2 Ra2+
65.Ke3 f2 66.a8=Q f1=N+ 67.Kxe4 Rxa8 68.Kd5 Ne3+ 69.Kxc5 Rc8+  0-1

[Event "RUS-ch51"]
[Site "St Petersburg"]
[Date "1998.07.31"]
[Round "4"]
[White "Goldin, Alexander"]
[Black "Aseev, Konstantin N"]
[Result "1-0"]
[WhiteElo "2570"]
[BlackElo "2525"]

1.d4 Nf6 2.c4 e6 3.Nf3 b6 4.a3 c5 5.d5 Ba6 6.Qc2 exd5 7.cxd5 g6 8.Nc3 Bg7
9.g3 O-O 10.Bg2 d6 11.O-O Re8 12.Re1 b5 13.e4 Nbd7 14.Bf4 Qb6 15.h3 Bb7 16.Nd2 Nh5
17.Be3 Bd4 18.a4 a6 19.Nf3 Bxe3 20.Rxe3 c4 21.Rae1 Nhf6 22.Nd2 Nc5 23.Bf1 Rac8
24.Qb1 Re7 25.axb5 axb5 26.b3 cxb3 27.Nxb3 b4 28.Nxc5 Qxc5 29.Na2 Rce8 30.Nxb4 Qd4
31.Bg2 Ba8 32.Qa1 Qxa1 33.Rxa1 Rb7 34.Nc6 Rb6 35.Rc3 Kg7 36.Ra7 Bxc6 37.dxc6 Rc8
38.c7 Kf8 39.h4 Ke7 40.Bh3 Nd7 41.Rf3 f6  1-0

[Event "RUS-ch51"]
[Site "St Petersburg"]
[Date "1998.08.03"]
[Round "7"]
[White "Shipov, Sergei"]
[Black "Goldin, Alexander"]
[Result "1-0"]
[WhiteElo "2635"]
[BlackElo "2570"]

1.d4 Nf6 2.c4 e6 3.Nf3 d5 4.Nc3 Be7 5.g3 O-O 6.Bg2 dxc4 7.Ne5 Nc6 8.Bxc6 bxc6
9.Nxc6 Qe8 10.Nxe7+ Qxe7 11.Qa4 c5 12.Qxc4 cxd4 13.Qxd4 e5 14.Qh4 Rb8 15.O-O Rb4
16.e4 Bb7 17.f3 Qc5+ 18.Kg2 Nd5 19.Nxd5 Bxd5 20.g4 Bc6 21.Re1 Qd4 22.Qf2 Qxf2+
23.Kxf2 Ra4 24.a3 Rb8 25.Re3 Kf8 26.Rc3 Bb5 27.Rc2 Rc4 28.Rxc4 Bxc4 29.b4 a6
30.Be3 Ke8 31.Rc1 Rc8 32.Bc5 Bb5 33.Rd1 f6 34.h4 Rc7 35.Ra1 Rd7 36.a4 Rd2+
37.Ke1 Re2+ 38.Kd1 Rh2 39.Ra3 Bc6 40.h5 Kd7 41.b5 axb5 42.a5 Rh1+ 43.Kd2 Rh2+
44.Kc3 Rh1 45.Bf8 g6 46.hxg6 hxg6 47.a6 Rc1+ 48.Kb4 Rc4+ 49.Ka5 Ra4+ 50.Kb6 Rxa3
51.Bxa3 f5 52.gxf5 gxf5 53.exf5 Bxf3 54.Bb2 b4 55.Bxe5 b3 56.a7 Kc8 57.Bd4 Kd7
58.Bg7 Kd6 59.Bc3 Kd7 60.Kc5 Kc7 61.f6 Kd7 62.Kc4  1-0